[Event "18th Africa-ch"]
[Site "Giza EGY"]
[Date "2023.05.06"]
[Round "1.1"]
[White "Amin, Bassem"]
[Black "Anderson, Gavin"]
[Result "1-0"]
[WhiteElo "2691"]
[BlackElo "2167"]
[EventDate "2023.05.06"]
[PlyCount "61"]

1.e4 c6 2.d4 d5 3.exd5 cxd5 4.c4 Nf6 5.Nc3 e6 6.Nf3 Be7 7.cxd5 Nxd5 8.Bd3 
Nc6 9.O-O O-O 10.Re1 Bf6 11.Be4 Nce7 12.Qd3 g6 13.Bh6 Bg7 14.Bxg7 Kxg7 15.
Rac1 b6 16.Bxd5 Nxd5 17.Nxd5 Qxd5 18.Rc7 a5 19.Qc3 Kg8 20.Ne5 Bb7 21.Qg3 
Rad8 22.h4 Ba8 23.h5 Qd6 24.hxg6 hxg6 25.Nxf7 Qxg3 26.Nh6+ Kh8 27.fxg3 
Rxd4 28.Rxe6 Rd1+ 29.Kh2 Rd2 30.Ree7 Rxg2+ 31.Kh3 1-0

[Event "18th Africa-ch"]
[Site "Giza EGY"]
[Date "2023.05.06"]
[Round "1.2"]
[White "Amin, Ashraf"]
[Black "Adly, Ahmed"]
[Result "0-1"]
[WhiteElo "2165"]
[BlackElo "2596"]
[EventDate "2023.05.06"]
[PlyCount "50"]

1.Nf3 d5 2.d4 c5 3.e3 Nc6 4.c3 Nf6 5.dxc5 Bg4 6.b4 g6 7.Bb2 Bg7 8.Nbd2 O-O
9.Be2 Qc7 10.h3 Bd7 11.a3 Ne4 12.Qc2 Bf5 13.Bd3 Nxd2 14.Qxd2 Be4 15.Be2 b6
16.cxb6 axb6 17.c4 Bxf3 18.gxf3 d4 19.e4 Ne5 20.Rc1 Rfd8 21.h4 d3 22.Bd1 
Bh6 23.Qxh6 d2+ 24.Qxd2 Rxd2 25.Kxd2 Qd6+ 0-1

[Event "18th Africa-ch"]
[Site "Giza EGY"]
[Date "2023.05.06"]
[Round "1.3"]
[White "Fawzy, Adham"]
[Black "Daka, Justin"]
[Result "1-0"]
[WhiteElo "2495"]
[BlackElo "2163"]
[EventDate "2023.05.06"]
[PlyCount "43"]

1.e4 e6 2.d4 d5 3.Nc3 dxe4 4.Nxe4 Nd7 5.g4 Ngf6 6.Nxf6+ Nxf6 7.g5 Nd5 8.a3
c5 9.c4 Nb6 10.Nf3 cxd4 11.Qxd4 Qxd4 12.Nxd4 a6 13.Be3 Na4 14.b3 Nc5 15.b4
Na4 16.Bg2 Be7 17.Nb3 O-O 18.Na5 Rb8 19.Bf4 e5 20.Bxe5 Bxb4+ 21.axb4 Re8 
22.O-O-O 1-0

[Event "18th Africa-ch"]
[Site "Giza EGY"]
[Date "2023.05.06"]
[Round "1.4"]
[White "George Micheal, Kevin"]
[Black "Bellahcene, Bilel"]
[Result "0-1"]
[WhiteElo "2149"]
[BlackElo "2476"]
[EventDate "2023.05.06"]
[PlyCount "67"]

1.d4 Nf6 2.c4 e6 3.g3 d5 4.Bg2 dxc4 5.Nf3 c6 6.Ne5 Bb4+ 7.Bd2 Be7 8.e3 b5 
9.Nxc6 Nxc6 10.Bxc6+ Bd7 11.Bxa8 Qxa8 12.O-O e5 13.f3 Bh3 14.Re1 O-O 15.
Ba5 e4 16.Nd2 b4 17.a3 bxa3 18.bxa3 Rc8 19.Bc3 h5 20.f4 h4 21.a4 a5 22.Rc1
Nd5 23.Qe2 Ba3 24.Rc2 Qc6 25.Bxa5 Qxa4 26.Rxc4 Qxa5 27.Rxc8+ Bxc8 28.Nxe4 
Bg4 29.Qf2 Bb4 30.Rc1 Qa3 31.Rb1 Qd3 32.Qf1 Qxe4 33.Rb3 h3 34.Qf2 0-1

[Event "18th Africa-ch"]
[Site "Giza EGY"]
[Date "2023.05.06"]
[Round "1.5"]
[White "Msellek, Ilyass"]
[Black "Abdel Moniem, Mohamed"]
[Result "1-0"]
[WhiteElo "2420"]
[BlackElo "2147"]
[EventDate "2023.05.06"]
[PlyCount "79"]

1.e4 e6 2.d4 d5 3.Nc3 Nf6 4.Bg5 Be7 5.e5 Nfd7 6.h4 a6 7.Qg4 Bxg5 8.hxg5 g6
9.Nf3 c5 10.dxc5 Nc6 11.O-O-O Nxc5 12.Qf4 b5 13.Nd4 Nxd4 14.Rxd4 Bb7 15.
Qe3 Qb6 16.a3 O-O-O 17.Be2 Kb8 18.Kb1 Nd7 19.f4 Ka8 20.Rh3 Nb8 21.Bxb5 Bc6
22.Bxc6+ Nxc6 23.Rxd5 Qxe3 24.Rxd8+ Rxd8 25.Rxe3 Rd2 26.Rh3 Rxg2 27.Rxh7 
Nd4 28.Rxf7 Nxc2 29.f5 gxf5 30.g6 Nxa3+ 31.bxa3 Rxg6 32.Rf6 Rg5 33.Rxe6 
Kb7 34.Nd5 Rg1+ 35.Kc2 Re1 36.Rb6+ Ka7 37.e6 f4 38.e7 Rxe7 39.Nxe7 Kxb6 
40.Nd5+ 1-0

[Event "18th Africa-ch"]
[Site "Giza EGY"]
[Date "2023.05.06"]
[Round "1.6"]
[White "Abdel Ghany, Adel"]
[Black "Hesham, Abdelrahman"]
[Result "0-1"]
[WhiteElo "2127"]
[BlackElo "2409"]
[EventDate "2023.05.06"]
[PlyCount "78"]

1.Nf3 d5 2.g3 g6 3.Bg2 Bg7 4.d3 e5 5.c4 Ne7 6.cxd5 Nxd5 7.O-O Nc6 8.Nbd2 
O-O 9.Nc4 h6 10.Rb1 Be6 11.a3 f5 12.Nh4 g5 13.Nxf5 Rxf5 14.e4 Rf7 15.exd5 
Bxd5 16.f3 Nd4 17.Be3 b5 18.Nd2 c5 19.Bxd4 exd4 20.Rc1 Rc8 21.Rc2 c4 22.
Bh3 Rc6 23.Qe2 Re7 24.Ne4 cxd3 25.Qxd3 Bc4 26.Qd2 Bxf1 27.Bxf1 Rxc2 28.
Qxc2 d3 29.Bxd3 a6 30.a4 bxa4 31.Kg2 Rb7 32.Qc4+ Kh8 33.Nf2 Qe8 34.Qxa6 
Rxb2 35.Bg6 Qd8 36.Bd3 a3 37.Qg6 Qg8 38.Bb1 Rxf2+ 39.Kxf2 Bd4+ 0-1

[Event "18th Africa-ch"]
[Site "Giza EGY"]
[Date "2023.05.06"]
[Round "1.8"]
[White "Khalil, Ahmed Salem"]
[Black "Ezat, Mohamed"]
[Result "1-0"]
[WhiteElo "2122"]
[BlackElo "2402"]
[EventDate "2023.05.06"]
[PlyCount "83"]

1.Nf3 Nf6 2.c4 g6 3.b4 Bg7 4.Bb2 O-O 5.g3 a5 6.b5 a4 7.Na3 d6 8.Bg2 e5 9.
d3 Nbd7 10.O-O Nc5 11.Rc1 Re8 12.Nc2 h6 13.Ne3 Ng4 14.Nd5 c6 15.Nc3 a3 16.
Ba1 Bd7 17.d4 exd4 18.Nxd4 Ne5 19.Nb1 Ra4 20.Nd2 Ra8 21.h3 Na4 22.f4 Nb2 
23.Qb3 Ng4 24.Nc2 Qb6+ 25.Kh1 Nf2+ 26.Kh2 Rxe2 27.bxc6 Qxb3 28.Nxb3 Bxc6 
29.Ncd4 Ng4+ 30.hxg4 Rxg2+ 31.Kh3 Bxd4 32.Nxd4 Rd2 33.Nxc6 bxc6 34.g5 hxg5
35.fxg5 Ra5 36.Rc3 Rf5 37.Rxf5 gxf5 38.Rxa3 Nxc4 39.Ra8+ Kh7 40.Rh8+ Kg6 
41.Bf6 f4 42.g4 1-0

[Event "18th Africa-ch"]
[Site "Giza EGY"]
[Date "2023.05.06"]
[Round "1.9"]
[White "Zaibi, Amir"]
[Black "Ezat, Abdallah"]
[Result "1/2-1/2"]
[WhiteElo "2393"]
[BlackElo "2111"]
[EventDate "2023.05.06"]
[PlyCount "40"]

1.d4 Nf6 2.g3 e6 3.c4 Bb4+ 4.Bd2 a5 5.Bg2 d5 6.Nf3 O-O 7.O-O Bxd2 8.Nfxd2 
Nc6 9.e3 b6 10.Nc3 Ba6 11.Qb3 Ne7 12.Rfc1 c5 13.dxc5 bxc5 14.cxd5 exd5 15.
Qa3 c4 16.Rd1 Qc7 17.Nf3 Rab8 18.Nd4 Rb4 19.Rd2 Bb7 20.Rad1 h5 1/2-1/2

[Event "18th Africa-ch"]
[Site "Giza EGY"]
[Date "2023.05.06"]
[Round "1.10"]
[White "Sayed, Hany"]
[Black "Abdel Razik, Khaled"]
[Result "0-1"]
[WhiteElo "2109"]
[BlackElo "2384"]
[EventDate "2023.05.06"]
[PlyCount "101"]

1.e4 e6 2.d4 d5 3.Nd2 Nc6 4.Ngf3 Nf6 5.e5 Nd7 6.c3 f6 7.exf6 Qxf6 8.Bb5 
Bd6 9.Nf1 a6 10.Bg5 Qf7 11.Ba4 O-O 12.Ne3 Qh5 13.h4 h6 14.Rh3 Nb6 15.g4 
Qf7 16.Bb3 hxg5 17.hxg5 g6 18.Qc2 Kg7 19.O-O-O Qxf3 20.Rxf3 Rxf3 21.Qe2 
Rf4 22.Bc2 Bd7 23.Ng2 Rf7 24.Rh1 Ne7 25.Qe3 Rg8 26.b3 Kf8 27.f4 Ke8 28.Kb2
Rgf8 29.f5 gxf5 30.g6 Rg7 31.gxf5 exf5 32.Nf4 Kd8 33.Rh7 Bxf4 34.Qxf4 Rxg6
35.Qh4 Rgf6 36.Rh8 Be8 37.Rxf8 Rxf8 38.Qh6 Rg8 39.a4 Rg2 40.Qh3 Re2 41.Qf3
Re6 42.a5 Nbc8 43.c4 Bc6 44.Qf4 Nd6 45.Bd3 Kd7 46.Kc3 Rg6 47.Be2 Rg3+ 48.
Kb4 Rh3 49.Bf1 Rh1 50.Bd3 Rg1 51.Be2 0-1

[Event "18th Africa-ch"]
[Site "Giza EGY"]
[Date "2023.05.07"]
[Round "2.1"]
[White "Djabri, Massinas"]
[Black "Amin, Bassem"]
[Result "0-1"]
[WhiteElo "2231"]
[BlackElo "2691"]
[EventDate "2023.05.06"]
[PlyCount "86"]

1.d4 Nf6 2.c4 g6 3.Nc3 Bg7 4.e4 d6 5.Be2 O-O 6.Nf3 Nbd7 7.O-O e5 8.Be3 Qe7
9.d5 Ng4 10.Bg5 f6 11.Bd2 a5 12.Ne1 Nh6 13.Qc1 Nf7 14.Nd3 f5 15.f3 Nc5 16.
Be3 Bd7 17.b3 f4 18.Bf2 g5 19.Nxc5 dxc5 20.d6 Qxd6 21.Rd1 Qc6 22.Nd5 Rfe8 
23.a3 Bf8 24.Qb2 b6 25.Rd2 Bc8 26.Kh1 Re6 27.Rad1 Ra7 28.g3 Rg6 29.gxf4 
gxf4 30.Bh4 Bh3 31.Bf1 Qe6 32.Rd3 Bd6 33.Qf2 Bxf1 34.Rxf1 Kf8 35.Rfd1 Ra8 
36.Qd2 Re8 37.Ra1 Rh6 38.Bf2 Qh3 39.Bg1 Ree6 40.b4 Reg6 41.bxa5 bxa5 42.
Qf2 Rg3 43.Qf1 Ng5 0-1

[Event "18th Africa-ch"]
[Site "Giza EGY"]
[Date "2023.05.07"]
[Round "2.2"]
[White "Adly, Ahmed"]
[Black "Sobh, Amrou"]
[Result "1-0"]
[WhiteElo "2596"]
[BlackElo "2225"]
[EventDate "2023.05.06"]
[PlyCount "85"]

1.Nf3 c5 2.c4 Nc6 3.e3 e6 4.b3 Nf6 5.Bb2 d5 6.cxd5 exd5 7.Nc3 d4 8.Na4 Be7
9.Rc1 dxe3 10.fxe3 Qd5 11.Bxf6 gxf6 12.Nc3 Qd7 13.Ne4 Qd5 14.Ng3 Bg4 15.
Bc4 Qd7 16.O-O O-O-O 17.Bxf7 Bd6 18.Bh5 Bxg3 19.Bxg4 Qxg4 20.hxg3 Qxg3 21.
Rxc5 Kb8 22.Qe1 Qd6 23.Rf5 Ne7 24.Rh5 Ka8 25.Qh4 Ng6 26.Qh3 Qe7 27.Nd4 a6 
28.Rh6 Qb4 29.Rxf6 Rhg8 30.Qf3 Rd6 31.Rxd6 Qxd6 32.Rxh7 Rb8 33.Rh6 Rh8 34.
Rxh8+ Nxh8 35.Qf5 Ng6 36.Nf3 Ne7 37.Qf4 Qa3 38.Qf8+ Ka7 39.Kf2 Qb4 40.g4 
Qe4 41.g5 Ng6 42.Qf6 Ka8 43.Qd8+ 1-0

[Event "18th Africa-ch"]
[Site "Giza EGY"]
[Date "2023.05.07"]
[Round "2.3"]
[White "Hany Kamal, Mohamed"]
[Black "Fawzy, Adham"]
[Result "0-1"]
[WhiteElo "2227"]
[BlackElo "2495"]
[EventDate "2023.05.06"]
[PlyCount "83"]

1.d4 Nf6 2.c4 e6 3.Nc3 Bb4 4.e3 O-O 5.Ne2 c6 6.g3 d5 7.cxd5 exd5 8.Bg2 Re8
9.O-O Bf5 10.Bd2 Bd6 11.f3 Bd3 12.Re1 Nbd7 13.Nc1 Bc4 14.e4 Qb6 15.Nb3 
dxe4 16.fxe4 Bxb3 17.Qxb3 Qxd4+ 18.Be3 Qb4 19.Qxb4 Bxb4 20.Bd4 Bc5 21.Bxc5
Nxc5 22.b4 Nd3 23.Red1 Ne5 24.a4 a5 25.Rab1 Nfd7 26.b5 Nc5 27.Bf1 Kf8 28.
Be2 Red8 29.Kf2 Ke7 30.Ke3 f6 31.Rdc1 Rac8 32.Rd1 Rxd1 33.Rxd1 Rd8 34.Rb1 
Ncd3 35.bxc6 Nc4+ 36.Kf3 Nd2+ 37.Ke3 Nxb1 38.Nd5+ Rxd5 39.exd5 Nc5 40.Kd4 
Kd6 41.Bf3 bxc6 42.dxc6 0-1

[Event "18th Africa-ch"]
[Site "Giza EGY"]
[Date "2023.05.07"]
[Round "2.4"]
[White "Bellahcene, Bilel"]
[Black "El-Ghazali, Youssef M."]
[Result "1-0"]
[WhiteElo "2476"]
[BlackElo "2211"]
[EventDate "2023.05.06"]
[PlyCount "105"]

1.e4 c5 2.Nf3 d6 3.d4 cxd4 4.Nxd4 Nf6 5.Nc3 a6 6.Be2 e5 7.Nb3 Be6 8.O-O 
Nc6 9.Bf3 Be7 10.Be3 O-O 11.Qd2 Rc8 12.Rfd1 Qc7 13.Rac1 Rfe8 14.Nd5 Bxd5 
15.exd5 e4 16.Be2 Ne5 17.c4 b6 18.Nd4 Qb7 19.b4 Bf8 20.a4 Nfd7 21.Rc2 g6 
22.h3 Ra8 23.Rb1 Qc7 24.Bf1 a5 25.Nb5 Qb8 26.Nc3 axb4 27.Rxb4 Nc5 28.Rcb2 
Ned7 29.Rb1 Qd8 30.Bg5 Be7 31.Bf4 Bf6 32.Re1 Be5 33.Be3 Bxc3 34.Qxc3 Nxa4 
35.Qd4 Nac5 36.Bh6 Ne5 37.Reb1 Ra6 38.Bd2 Ned7 39.Bc3 f6 40.Qe3 Qe7 41.Bd4
Rea8 42.Qf4 Ra4 43.Rb5 R4a5 44.h4 Rxb5 45.Rxb5 Ra2 46.h5 Ra5 47.Rb1 Ra8 
48.Be2 Rb8 49.Qg3 Kf8 50.Qh2 Kg7 51.Qf4 Ne5 52.h6+ Kf7 53.Ra1 1-0

[Event "18th Africa-ch"]
[Site "Giza EGY"]
[Date "2023.05.07"]
[Round "2.5"]
[White "Nyazi, Nehad"]
[Black "Msellek, Ilyass"]
[Result "1-0"]
[WhiteElo "2224"]
[BlackElo "2420"]
[EventDate "2023.05.06"]
[PlyCount "120"]

1.d4 d6 2.Nf3 Bf5 3.c4 Nf6 4.Nc3 g6 5.g3 Ne4 6.Bg2 Nxc3 7.bxc3 Be4 8.O-O 
Bg7 9.Be3 O-O 10.Qd2 Nc6 11.Bh6 Na5 12.Bxg7 Kxg7 13.d5 c5 14.Qf4 Bc2 15.h4
Qd7 16.h5 Qa4 17.Nd2 Qd7 18.Rfe1 f6 19.h6+ Kh8 20.Kh2 e5 21.dxe6 Qxe6 22.
Bd5 Qe7 23.Rac1 Ba4 24.Qe4 Qc7 25.Qg2 Rae8 26.e4 b5 27.cxb5 Bxb5 28.f4 Bc6
29.c4 Rb8 30.Nf3 Qd7 31.Rc2 Qg4 32.Kg1 Rfe8 33.Rce2 Bxd5 34.cxd5 Nc4 35.
Rc2 Na3 36.Rce2 Nb5 37.e5 Nc3 38.Rd2 fxe5 39.fxe5 dxe5 40.Nxe5 Qh5 41.Qf2 
Ne4 42.Rxe4 Rb1+ 43.Re1 Rxe1+ 44.Qxe1 Rxe5 45.Qa1 Qf5 46.Qc3 Kg8 47.d6 Qf6
48.Qb3+ c4 49.Qxc4+ Kf8 50.Rf2 Rf5 51.Qc8+ Kf7 52.Qd7+ Kg8 53.Qe8+ Qf8 54.
Qe6+ Qf7 55.Qe8+ Qf8 56.d7 Rxf2 57.d8=Q Rf1+ 58.Kg2 Rf2+ 59.Kh3 Qxe8 60.
Qxe8+ Rf8 1-0

[Event "18th Africa-ch"]
[Site "Giza EGY"]
[Date "2023.05.07"]
[Round "2.6"]
[White "Hesham, Abdelrahman"]
[Black "Oragwu, Chukwunonso"]
[Result "1-0"]
[WhiteElo "2409"]
[BlackElo "2206"]
[EventDate "2023.05.06"]
[PlyCount "73"]

1.d4 Nf6 2.c4 e6 3.Nc3 Bb4 4.f3 d6 5.e4 Nbd7 6.Ne2 e5 7.a3 Bxc3+ 8.Nxc3 
O-O 9.Be2 a5 10.Be3 c6 11.O-O Re8 12.d5 Qc7 13.b4 axb4 14.axb4 Rxa1 15.
Qxa1 Nf8 16.Qa7 Bd7 17.Rc1 Qc8 18.Na4 Qa8 19.Ra1 Qxa7 20.Bxa7 cxd5 21.cxd5
Rc8 22.Nb6 Rc2 23.Bf1 Rb2 24.Bb8 Rxb4 25.Nxd7 N6xd7 26.Bxd6 Rb6 27.Be7 g6 
28.Ra8 Kg7 29.Rd8 f6 30.d6 Rb1 31.Kf2 b5 32.g3 b4 33.Bh3 b3 34.Bxd7 Nxd7 
35.Rxd7 b2 36.Rb7 Rh1 37.d7 1-0

[Event "18th Africa-ch"]
[Site "Giza EGY"]
[Date "2023.05.07"]
[Round "2.7"]
[White "Abdel Razik, Khaled"]
[Black "Gabr, Mohsen"]
[Result "1/2-1/2"]
[WhiteElo "2384"]
[BlackElo "2200"]
[EventDate "2023.05.06"]
[PlyCount "93"]

1.d4 d5 2.c4 e6 3.Nf3 Nf6 4.g3 c6 5.Bg2 Nbd7 6.Nbd2 Bd6 7.O-O O-O 8.Qc2 
Qe7 9.e4 dxe4 10.Nxe4 Nxe4 11.Qxe4 e5 12.c5 exd4 13.Qxd4 Bxc5 14.Qc3 Bb6 
15.Bf4 Qc5 16.Qd2 Ba5 17.Qd3 Qh5 18.Qa3 Bb6 19.Rae1 Qa5 20.Qd3 Nf6 21.Be5 
Be6 22.Ng5 Rad8 23.Qf3 Ng4 24.Nxe6 Nxe5 25.Rxe5 Qxe5 26.Nxf8 Kxf8 27.b4 
Rd2 28.a4 a6 29.Kh1 g6 30.h3 h5 31.h4 Qd4 32.b5 axb5 33.axb5 cxb5 34.Qa3+ 
Bc5 35.Qa8+ Kg7 36.Qxb7 Rxf2 37.Qxb5 Rf5 38.Qe2 Qe5 39.Qxe5+ Rxe5 40.Bf3 
f5 41.Kg2 Re7 42.Bxh5 gxh5 43.Rxf5 Re2+ 44.Kh3 Bd6 45.Rxh5 Re3 46.Rg5+ Kf6
47.Kg2 1/2-1/2

[Event "18th Africa-ch"]
[Site "Giza EGY"]
[Date "2023.05.07"]
[Round "2.8"]
[White "Kaoma, Micheal"]
[Black "Wageih, Kareim"]
[Result "0-1"]
[WhiteElo "2187"]
[BlackElo "2375"]
[EventDate "2023.05.06"]
[PlyCount "100"]

1.d4 Nf6 2.c4 e6 3.Nc3 Bb4 4.Qc2 Nc6 5.e3 Qe7 6.a3 Bxc3+ 7.Qxc3 a5 8.b3 d6
9.f3 e5 10.d5 Nb8 11.e4 Nh5 12.Be3 O-O 13.Qd2 Nd7 14.g4 Nf4 15.Ne2 Nc5 16.
Bxc5 dxc5 17.Nxf4 exf4 18.Qxf4 f5 19.gxf5 Rxf5 20.Qe3 Qh4+ 21.Kd2 Qf6 22.
Qc3 Qxc3+ 23.Kxc3 Rxf3+ 24.Bd3 Bh3 25.e5 a4 26.b4 cxb4+ 27.axb4 Bf5 28.
Rhd1 a3 29.Ra2 Rh3 30.Rdd2 Kf7 31.e6+ Ke7 32.Kd4 Bxd3 33.Rxd3 Rxd3+ 34.
Kxd3 b5 35.c5 c6 36.dxc6 Kxe6 37.Kd4 Ke7 38.Kd5 Rd8+ 39.Ke4 Ra8 40.Kd3 Kd8
41.Kc3 Kc7 42.Kb3 g5 43.Kc3 Ra4 44.Kb3 Kxc6 45.Kc3 g4 46.Kb3 h5 47.Kc3 h4 
48.Kb3 g3 49.h3 Ra8 50.Kc3 g2 0-1

[Event "18th Africa-ch"]
[Site "Giza EGY"]
[Date "2023.05.07"]
[Round "2.9"]
[White "Solomon, Kenny"]
[Black "Al-Yeldin, Mohamed"]
[Result "1-0"]
[WhiteElo "2310"]
[BlackElo "2170"]
[EventDate "2023.05.06"]
[PlyCount "80"]

1.d4 Nf6 2.c4 e6 3.Nf3 b6 4.g3 Bb7 5.Bg2 Bb4+ 6.Bd2 Bxd2+ 7.Qxd2 O-O 8.O-O
d5 9.cxd5 exd5 10.Nc3 c5 11.dxc5 bxc5 12.Nh4 Qd7 13.Rac1 d4 14.Bxb7 Qxb7 
15.Na4 Nbd7 16.Nf5 Qe4 17.Qg5 g6 18.Nh6+ Kg7 19.Nxc5 Qe5 20.Qxe5 Nxe5 21.
f4 Nc6 22.g4 Kxh6 23.g5+ Kg7 24.gxf6+ Kg8 25.Nd3 Rac8 26.Rc4 Na5 27.Rxd4 
Rc2 28.Rf2 Nc6 29.Rd6 Re8 30.e4 Rc4 31.b3 Rd4 32.Rxc6 Rxd3 33.e5 h6 34.
Rfc2 g5 35.Rc8 Rxc8 36.Rxc8+ Kh7 37.e6 Rd1+ 38.Kf2 Rd2+ 39.Ke3 Rd6 40.exf7
gxf4+ 1-0

[Event "18th Africa-ch"]
[Site "Giza EGY"]
[Date "2023.05.07"]
[Round "3.1"]
[White "Amin, Bassem"]
[Black "Ahmed, Abuzied"]
[Result "1-0"]
[WhiteElo "2691"]
[BlackElo "2236"]
[EventDate "2023.05.06"]
[PlyCount "65"]

1.Nf3 c5 2.e4 g6 3.d4 Bg7 4.dxc5 Qa5+ 5.c3 Qxc5 6.Na3 Nf6 7.Nb5 b6 8.Be3 
Qc6 9.Nfd4 Qb7 10.f3 a6 11.Na3 O-O 12.c4 d6 13.Be2 Nbd7 14.O-O Qc7 15.Rc1 
Bb7 16.Qd2 Rfd8 17.Rfd1 Ne5 18.Nb1 Rac8 19.b3 Qb8 20.Nc3 e6 21.Bg5 Rd7 22.
Na4 Ba8 23.Be3 Rb7 24.Nc2 b5 25.Nb4 Ra7 26.Nb6 Rd8 27.cxb5 axb5 28.Bxb5 d5
29.Na6 Rxa6 30.Bxa6 Neg4 31.fxg4 Nxg4 32.g3 Nxe3 33.Qxe3 1-0

[Event "18th Africa-ch"]
[Site "Giza EGY"]
[Date "2023.05.07"]
[Round "3.2"]
[White "Fadi, Marko"]
[Black "Adly, Ahmed"]
[Result "0-1"]
[WhiteElo "2272"]
[BlackElo "2596"]
[EventDate "2023.05.06"]
[PlyCount "68"]

1.e4 c5 2.Nc3 Nc6 3.g3 h5 4.h3 Nf6 5.Bg2 d6 6.Nge2 Bd7 7.d3 Qc8 8.Be3 g6 
9.Qd2 Bg7 10.f4 Rb8 11.Nd1 b5 12.Nf2 Nh7 13.c3 b4 14.O-O bxc3 15.bxc3 O-O 
16.e5 Rd8 17.Rfd1 Qc7 18.Ne4 Bf5 19.c4 Re8 20.Rab1 Rxb1 21.Rxb1 dxe5 22.
Bxc5 exf4 23.gxf4 Nf8 24.Be3 Ne6 25.Rb5 Ned4 26.Nxd4 Bxd4 27.Kh1 Qc8 28.
Kh2 Qe6 29.Rd5 Qc8 30.Qf2 Bxe3 31.Qxe3 Nb4 32.Rb5 Rd8 33.Qxa7 Nxd3 34.Ng3 
Be6 0-1

[Event "18th Africa-ch"]
[Site "Giza EGY"]
[Date "2023.05.07"]
[Round "3.3"]
[White "Fawzy, Adham"]
[Black "Nyazi, Nehad"]
[Result "1-0"]
[WhiteElo "2495"]
[BlackElo "2224"]
[EventDate "2023.05.06"]
[PlyCount "89"]

1.e4 c6 2.d4 d5 3.exd5 cxd5 4.Bd3 Nc6 5.c3 Nf6 6.Bf4 g6 7.Nd2 Bg7 8.Ngf3 
O-O 9.O-O Bf5 10.Bxf5 gxf5 11.Ne5 Nxe5 12.dxe5 Nd7 13.Re1 Nc5 14.Nf3 Rc8 
15.Be3 Qd7 16.Bxc5 Rxc5 17.Nd4 e6 18.Re3 Rc7 19.Qh5 f6 20.exf6 Rxf6 21.Qe2
e5 22.Rxe5 Rf8 23.Ne6 Bxe5 24.Qxe5 Rcc8 25.Nxf8 Rxf8 26.Rd1 Re8 27.Qd4 Re2
28.h3 Rxb2 29.Rd3 Rb1+ 30.Kh2 Rb6 31.c4 Kf7 32.cxd5 Qd6+ 33.Rg3 Qf6 34.Qc4
Qd6 35.Qc8 Qe5 36.Qg8+ Ke7 37.Qxh7+ Kd6 38.Qh6+ Kxd5 39.Qd2+ Ke6 40.f4 Rb2
41.Qc1 Qd4 42.Qc8+ Ke7 43.Qc7+ Kf8 44.Qb8+ Ke7 45.Rg8 1-0

[Event "18th Africa-ch"]
[Site "Giza EGY"]
[Date "2023.05.07"]
[Round "3.4"]
[White "Yousry, Salah"]
[Black "Bellahcene, Bilel"]
[Result "0-1"]
[WhiteElo "2251"]
[BlackElo "2476"]
[EventDate "2023.05.06"]
[PlyCount "134"]

1.e4 c5 2.Nc3 e6 3.f4 d5 4.Nf3 d4 5.Bb5+ Bd7 6.Bxd7+ Qxd7 7.Ne5 Qd8 8.Nb1 
Bd6 9.Qh5 g6 10.Qf3 Bxe5 11.fxe5 Nc6 12.O-O Nxe5 13.Qf4 f6 14.d3 Rc8 15.b3
Rc6 16.Nd2 Qc7 17.a4 h5 18.Nf3 Nxf3+ 19.Qxf3 e5 20.Bd2 Kf7 21.Rf2 Kg7 22.
Raf1 Qd7 23.h3 b6 24.Qg3 h4 25.Qf3 Qe6 26.Kh1 Rc7 27.Qd1 a5 28.Qc1 Rf7 29.
Qe1 Rh5 30.Kg1 Ne7 31.Qe2 Rh8 32.Bg5 Rhf8 33.Bxh4 g5 34.Bg3 Rh8 35.Rf3 Rh6
36.Kf2 Ng6 37.Rf5 Ne7 38.Rf3 Nc8 39.Kg1 Rf8 40.Kf2 Nd6 41.Ke1 Rfh8 42.R3f2
Kg6 43.Rf5 Qe7 44.R5f2 Nf7 45.Kd1 Qd7 46.Qd2 Qc6 47.Rf5 c4 48.bxc4 Qxa4 
49.Ke2 Qc6 50.Qc1 Rc8 51.Qa3 b5 52.Qxa5 bxc4 53.Rd1 Ra8 54.Qb4 Ra2 55.Rd2 
c3 56.Qb3 Rb2 57.Qa3 Qb7 58.Rd1 Rxc2+ 59.Kf1 Rb2 60.Rf2 Rb1 61.Qa4 Rh7 62.
Ra2 Rh8 63.Be1 Rxd1 64.Qxd1 Rg8 65.Rc2 Qb3 66.Qe2 Ra8 67.g4 Rb8 0-1

[Event "18th Africa-ch"]
[Site "Giza EGY"]
[Date "2023.05.07"]
[Round "3.5"]
[White "Ashraf, Shereif"]
[Black "Hesham, Abdelrahman"]
[Result "1-0"]
[WhiteElo "2239"]
[BlackElo "2409"]
[EventDate "2023.05.06"]
[PlyCount "120"]

1.e4 c5 2.Nf3 d6 3.d4 cxd4 4.Nxd4 Nf6 5.Nc3 a6 6.Bg5 Nc6 7.Qd3 Bd7 8.O-O-O
Rc8 9.Kb1 Qa5 10.Bxf6 gxf6 11.Nb3 Qe5 12.g3 f5 13.f4 fxe4 14.Nxe4 Qe6 15.
Bg2 Bg7 16.Rhe1 O-O 17.Ng5 Qh6 18.c3 Bf6 19.h4 Qg7 20.Ne4 Rfd8 21.Nxf6+ 
Qxf6 22.Nd4 Nxd4 23.Qxd4 Qxd4 24.Rxd4 Rc7 25.Kc1 Kf8 26.Bf3 f5 27.Bd5 Re8 
28.Bb3 Kg7 29.Kd2 Kf6 30.Re3 Rf8 31.Ke1 Be8 32.Re6+ Kg7 33.Re2 Bf7 34.Bc2 
Bxa2 35.b3 Rxc3 36.Rxe7+ Kf6 37.Rxb7 Ke6 38.Kd2 Rxg3 39.Rb6 Rd8 40.Kc1 Rg2
41.Rxa6 Bxb3 42.Bxb3+ Ke7 43.Ra7+ Rd7 44.Rxd7+ Kxd7 45.Rd5 Rg4 46.Rxf5 
Rxh4 47.Bd5 Rh2 48.Rf7+ Ke8 49.f5 Rf2 50.Be6 h5 51.Rh7 h4 52.Kd1 h3 53.Ke1
Rf4 54.Ke2 h2 55.Rxh2 Ke7 56.Ke3 Ra4 57.Rh6 Ra1 58.Bc4 Ra3+ 59.Ke4 Ra4 60.
Kd3 Ra3+ 1-0

[Event "18th Africa-ch"]
[Site "Giza EGY"]
[Date "2023.05.07"]
[Round "3.6"]
[White "Wageih, Kareim"]
[Black "Nadir, Samir"]
[Result "1/2-1/2"]
[WhiteElo "2375"]
[BlackElo "2175"]
[EventDate "2023.05.06"]
[PlyCount "99"]

1.Nf3 d5 2.g3 Nf6 3.c4 c6 4.Qc2 Bg4 5.Bg2 Nbd7 6.d4 e6 7.O-O Be7 8.Nc3 O-O
9.Bf4 Rc8 10.Qb3 dxc4 11.Qxb7 Qb6 12.Qxb6 axb6 13.Nd2 b5 14.h3 Bh5 15.g4 
Bg6 16.e4 b4 17.Ne2 c5 18.d5 exd5 19.exd5 Rfd8 20.Nxc4 Bd3 21.Na5 Nb6 22.
d6 Bxd6 23.Rfd1 Bxf4 24.Nxf4 Bc2 25.Rxd8+ Rxd8 26.g5 Ne8 27.Nb7 Rd4 28.Rc1
b3 29.axb3 Bxb3 30.Rxc5 Rxf4 31.Rb5 Bd5 32.Bxd5 Nxd5 33.Rxd5 Rb4 34.Rd8 
Kf8 35.Nd6 Ke7 36.Rxe8+ Kxd6 37.Rh8 Ke6 38.Rxh7 g6 39.Kg2 Rxb2 40.Kg3 Rb7 
41.h4 Rb3+ 42.f3 Rb8 43.Rh6 Ke7 44.Kg4 Rb4+ 45.f4 Rb1 46.h5 gxh5+ 47.Rxh5 
Kf8 48.Rh3 Kg7 49.Rf3 Rg1+ 50.Rg3 1/2-1/2

[Event "18th Africa-ch"]
[Site "Giza EGY"]
[Date "2023.05.07"]
[Round "3.7"]
[White "Khalil, Ahmed Salem"]
[Black "Solomon, Kenny"]
[Result "1-0"]
[WhiteElo "2122"]
[BlackElo "2310"]
[EventDate "2023.05.06"]
[PlyCount "137"]

1.Nf3 d5 2.c4 d4 3.e3 Nc6 4.b4 dxe3 5.fxe3 Nxb4 6.d4 c5 7.a3 Na6 8.Bd3 g6 
9.d5 Bg7 10.Ra2 Nh6 11.O-O O-O 12.Bb2 f6 13.Nbd2 e5 14.Bb1 Nf7 15.e4 Bd7 
16.Bd3 Nd6 17.h3 Qe7 18.Re1 Qe8 19.Ba1 Rb8 20.Qe2 Nc7 21.Qf2 b6 22.g4 Qe7 
23.Nf1 Bh6 24.g5 Bxg5 25.Nxg5 fxg5 26.Qg3 Rf4 27.Rg2 g4 28.hxg4 Nf7 29.Nh2
Ng5 30.Qh4 Qf6 31.Bc3 Rf8 32.Bd2 Nf3+ 33.Nxf3 Rxf3 34.Bg5 Qf7 35.Be2 Rf4 
36.Bxf4 Qxf4 37.Bd1 Ne8 38.Rf2 Qxf2+ 39.Qxf2 Rxf2 40.Kxf2 Nd6 41.Be2 Nxe4+
42.Kf3 Nd6 43.a4 h5 44.gxh5 gxh5 45.Rg1+ Kf8 46.Rg5 Nf7 47.Rxh5 Bxa4 48.
Rh7 a6 49.Rh1 Nd6 50.Rh8+ Ke7 51.Ra8 a5 52.Rb8 Bb3 53.Rxb6 a4 54.Rc6 a3 
55.Rxc5 a2 56.Rc7+ Kf6 57.Ra7 Nxc4 58.Bxc4 Bxc4 59.Ke4 Bb3 60.Ra6+ Ke7 61.
Kxe5 Kd7 62.Ra7+ Ke8 63.Kd6 Bc4 64.Kc6 Be2 65.Rxa2 Bf3 66.Rf2 Bg4 67.Kc7 
Ke7 68.d6+ Ke8 69.d7+ 1-0

[Event "18th Africa-ch"]
[Site "Giza EGY"]
[Date "2023.05.07"]
[Round "3.8"]
[White "Kayonde, Andrew"]
[Black "Abdel Razik, Khaled"]
[Result "1-0"]
[WhiteElo "2361"]
[BlackElo "2384"]
[EventDate "2023.05.06"]
[PlyCount "79"]

1.Nf3 Nf6 2.c4 e6 3.Nc3 Bb4 4.Qc2 d5 5.a3 Bxc3 6.Qxc3 c5 7.e3 O-O 8.b3 Nc6
9.Bb2 Qb6 10.cxd5 exd5 11.Rc1 d4 12.Qxc5 Qxb3 13.Bxd4 Nd5 14.Qc2 Nxd4 15.
Nxd4 Qxa3 16.Bd3 Bd7 17.Ke2 Nf6 18.Qc5 Qxc5 19.Rxc5 Rfc8 20.Rhc1 b6 21.
Rxc8+ Bxc8 22.e4 Nd7 23.Rc7 Nc5 24.Bc4 Ba6 25.Bxa6 Nxa6 26.Rc3 Nc5 27.Ke3 
a5 28.Nb5 Re8 29.f3 Kf8 30.d4 Na6 31.d5 Nc5 32.Kd4 Ke7 33.e5 Kd7 34.Nd6 
Ra8 35.Nxf7 a4 36.e6+ Ke7 37.Ra3 Rc8 38.Ke5 b5 39.d6+ Ke8 40.Rc3 1-0

[Event "18th Africa-ch"]
[Site "Giza EGY"]
[Date "2023.05.07"]
[Round "3.9"]
[White "Gabr, Mohsen"]
[Black "Sadek, Sameh"]
[Result "1/2-1/2"]
[WhiteElo "2200"]
[BlackElo "2255"]
[EventDate "2023.05.06"]
[PlyCount "31"]

1.d4 d5 2.c4 c6 3.Nc3 Nf6 4.Nf3 dxc4 5.a4 Bf5 6.e3 e6 7.Bxc4 Bb4 8.O-O 
Nbd7 9.Qb3 a5 10.Na2 Be7 11.Qxb7 Rb8 12.Qa6 Ra8 13.Qb7 Rb8 14.Qa6 Ra8 15.
Qb7 Rb8 16.Qa6 1/2-1/2

[Event "18th Africa-ch"]
[Site "Giza EGY"]
[Date "2023.05.08"]
[Round "4.1"]
[White "Bellahcene, Bilel"]
[Black "Amin, Bassem"]
[Result "1-0"]
[WhiteElo "2476"]
[BlackElo "2691"]
[EventDate "2023.05.06"]
[PlyCount "51"]

1.e4 e5 2.Nf3 Nc6 3.Nc3 Nf6 4.d4 exd4 5.Nxd4 Bb4 6.Nxc6 bxc6 7.Bd3 d5 8.
Bd2 O-O 9.O-O Rb8 10.Re1 Re8 11.a3 Bd6 12.h3 Rxb2 13.exd5 Rxe1+ 14.Qxe1 
Nxd5 15.Qe4 Nf6 16.Qxc6 Bb7 17.Qa4 Bc5 18.Re1 Rb6 19.Qxa7 Bc6 20.Qa5 Qd6 
21.Be3 Nd7 22.Bxc5 Nxc5 23.Nb5 Bxb5 24.Qa8+ Qf8 25.Bxh7+ Kxh7 26.Qxf8 1-0

[Event "18th Africa-ch"]
[Site "Giza EGY"]
[Date "2023.05.08"]
[Round "4.2"]
[White "Adly, Ahmed"]
[Black "Ashraf, Shereif"]
[Result "1-0"]
[WhiteElo "2596"]
[BlackElo "2239"]
[EventDate "2023.05.06"]
[PlyCount "47"]

1.Nf3 Nf6 2.g3 e6 3.Bg2 d5 4.O-O c5 5.d3 Nc6 6.Nbd2 Be7 7.e4 Qc7 8.Re1 b6 
9.e5 Nd7 10.c4 O-O 11.cxd5 exd5 12.d4 Bb7 13.Nf1 Rad8 14.Bf4 Qc8 15.Bh3 
Nxd4 16.Nxd4 cxd4 17.Rc1 Qa8 18.Rc7 Bb4 19.Bxd7 Bxe1 20.Qxe1 Bc8 21.e6 
fxe6 22.Bxe6+ Bxe6 23.Qxe6+ Kh8 24.Be5 1-0